BIBLIOTECA

SENCICO

Manual de interpretación de esquemas eléctricos (Registro nro. 3277)

Detalles MARC
000 -LEADER
fixed length control field 00483nam a2200193Ia 4500
005 - DATE AND TIME OF LATEST TRANSACTION
control field 20251020182609.0
008 - FIXED-LENGTH DATA ELEMENTS--GENERAL INFORMATION
fixed length control field 200515s9999 xx 000 0 und d
082 ## - DEWEY DECIMAL CLASSIFICATION NUMBER
Classification number SC/621.31/R94
100 ## - MAIN ENTRY--PERSONAL NAME
Personal name RUIZ VASALLO, Francisco
245 #0 - TITLE STATEMENT
Title Manual de interpretación de esquemas eléctricos
250 ## - EDITION STATEMENT
Edition statement 3a ed.
260 ## - PUBLICATION, DISTRIBUTION, ETC.
Place of publication, distribution, etc. Barcelona
260 ## - PUBLICATION, DISTRIBUTION, ETC.
Date of publication, distribution, etc. 1970
300 ## - PHYSICAL DESCRIPTION
Extent 208
650 ## - SUBJECT ADDED ENTRY--TOPICAL TERM
Topical term or geographic name entry element ESQUEMAS ELECTRICOS
650 ## - SUBJECT ADDED ENTRY--TOPICAL TERM
Topical term or geographic name entry element INSTALACIONES ELECTRICAS
650 ## - SUBJECT ADDED ENTRY--TOPICAL TERM
Topical term or geographic name entry element MANUALES
942 ## - ADDED ENTRY ELEMENTS (KOHA)
Koha item type Libros
Existencias
Fecha de la última vez que lo usaron Pago total Signatura topográfica completa Código de barras Precio efectivo desde Tipo de documento Estado perdido Estado dañado No es para préstamo Retirado Ubicación permanente Ubicación actual Fecha de adquisición
15/05/2020   SC/621.31/R94 Bib-Lima15053277 15/05/2020 Libros         Biblioteca Central Lima Biblioteca Central Lima 15/05/2020